The decline and fall of the romantic ideal (Record no. 12367)
[ view plain ]
| 000 -LEADER | |
|---|---|
| fixed length control field | 00593nam a2200145Ia 4500 |
| 008 - FIXED-LENGTH DATA ELEMENTS--GENERAL INFORMATION | |
| fixed length control field | 210327s9999||||xx |||||||||||||| ||und|| |
| 040 ## - CATALOGING SOURCE | |
| Transcribing agency | STCPL |
| 082 ## - DEWEY DECIMAL CLASSIFICATION NUMBER | |
| Classification number | 809 |
| Item number | LUC-T |
| 245 #4 - TITLE STATEMENT | |
| Title | The decline and fall of the romantic ideal |
| 260 ## - PUBLICATION, DISTRIBUTION, ETC. | |
| Place of publication, distribution, etc. | New Delhi |
| Name of publisher, distributor, etc. | Cambridge University Press |
| Date of publication, distribution, etc. | 1963 |
| 300 ## - PHYSICAL DESCRIPTION | |
| Extent | P- 236 18.5 CM |
| 650 ## - SUBJECT ADDED ENTRY--TOPICAL TERM | |
| Topical term or geographic name entry element | History, Description, Critical Appraisal Of More Than One LiteratureEARLY NINETEENTH CENTURY DRAMA 1800 - 1850, THE THEATRE, THE DRAMATIC CONDITIONS OF THE AGE, THR ILLEGIMATE DRAMA, THE LEGITIMATE DRAMA, THE STILL-BORN DRAMA |
| 942 ## - ADDED ENTRY ELEMENTS (KOHA) | |
| Koha item type | Books |
| 041 ## - LANGUAGE CODE | |
| Language code of original | English |
| Withdrawn status | Lost status | Damaged status | Not for loan | Home library | Current library | Shelving location | Date acquired | Cost, normal purchase price | Total Checkouts | Full call number | Barcode | Date last seen | Price effective from | Koha item type |
|---|---|---|---|---|---|---|---|---|---|---|---|---|---|---|
| ST. THOMAS COLLEGE LIBRARY, PALAI | ST. THOMAS COLLEGE LIBRARY, PALAI | 2021-07-10 | 7.60 | 809 LUC-T | 20029 | 2021-07-10 | 2021-07-10 | Books |
